• 首页
  • 本馆介绍
  • 公告通知
  • 最新文献
  • 馆藏检索
  • 电子资源
  • 读者导购
  • 参考咨询
  • 我的图书馆
  • 登录
  • 详细信息显示
  • 放入我的书架
  • 预约/预借图书
  • 作者相关作品
  • 分类相关作品
  • 丛书相关作品
  • 出版社相关作品

书目信息

  • 表格格式
  • 工作单格式
  • 卡片格式
题名:
新营销组织力
    
 
作者: ;迪智成咨询团队 著
分册:  
出版信息: 北京   中华工商联合出版社  2019.12
页数: 361页
开本: 24cm
丛书名:
单 册:
中图分类: F713.56
科图分类:
主题词: 营销管理--ying xiao guan li
电子资源:
ISBN: 978-7-5158-2614-1
000 01062nam0 2200241 450
001 CAL 0120202960318
005 20230217093111.0
010    @a978-7-5158-2614-1@dCNY98.00
100    @a20200512d2019 em y0chiy0120 ea
101 0  @achi
102    @aCN@b110000
105    @aa z 000yy
106    @ar
200 1  @a新营销组织力@Axin ying xiao zu zhi li@d= New marketing organization@f迪智成咨询团队著@zeng
210    @a北京@c中华工商联合出版社@d2019.12
215    @a361页@c图@d24cm
330    @a本书是迪智成咨询团队近年来在营销模式升级、营销组织能力构建等咨询实践的智慧结晶, 在承接经典理论对营销组织建设基本的、不变的原则外, 本着更为强调组织化能力建设、赋能型团队建设的目的, 分十二章进行阐述。全书着重阐明依靠领导力的打造, 赋能建设团队的内容, 强调了新营销时代激活团队主要依靠领导力, 而不仅仅是管理提升的问题。
510 1  @aNew marketing organization@zeng
606 0  @a营销管理@Aying xiao guan li
690    @aF713.56@v5
711 02 @a迪智成咨询团队@Adi zhi cheng zi xun tuan dui@4著
801  0 @aCN@bBJXHZP@c20230228
905    @b1397981-4@dF713.56@e1265@f4
    
    新营销组织力= New marketing organization/迪智成咨询团队著.-北京:中华工商联合出版社,2019.12
    361页:图;24cm
    
    
    ISBN 978-7-5158-2614-1:CNY98.00
    本书是迪智成咨询团队近年来在营销模式升级、营销组织能力构建等咨询实践的智慧结晶, 在承接经典理论对营销组织建设基本的、不变的原则外, 本着更为强调组织化能力建设、赋能型团队建设的目的, 分十二章进行阐述。全书着重阐明依靠领导力的打造, 赋能建设团队的内容, 强调了新营销时代激活团队主要依靠领导力, 而不仅仅是管理提升的问题。
●
相关链接 在E读中查询图书 在五车中查询图书 在当当中查询图书 在豆瓣中查询图书


正题名:新营销组织力     索取号:F713.56/1265         预约/预借

序号 登录号 条形码 馆藏地/架位号 状态 备注
1 1397981   213979818   第一样本阅览室/ [索取号:F713.56/1265] 在馆    
2 1397982   213979827   第一借阅区/ [索取号:F713.56/1265] 在馆    
3 1397983   213979836   第一借阅区/ [索取号:F713.56/1265] 在馆    
4 1397984   213979845   第一借阅区/ [索取号:F713.56/1265] 在馆    
唐山师范学院图书馆 欢迎您!
大连网信软件有限公司© 版权所有